| 000 | 00420nam a2200181Ia 4500 | ||
|---|---|---|---|
| 005 | 20250423101355.0 | ||
| 008 | 250422s9999 xx 000 0 und d | ||
| 020 | _a0-316-01895-3 | ||
| 050 | _aPS 3553 .O51165 O94/ | ||
| 100 | _aMichael connelly | ||
| 245 | 4 | _aThe overlook | |
| 260 | _aNew York | ||
| 260 | _bLittle, Brown and Comp. | ||
| 260 | _c2007 | ||
| 300 | _a225 p | ||
| 650 | _aLiterature | ||
| 942 | _cBK | ||
| 999 |
_c36121 _d36121 |
||